[Event "BCF-ch U08 rapid"]
[Site "Hull"]
[Date "2024.07.27"]
[Round "8"]
[White "Feng, Luca"]
[Black "Sheikh, Amaan"]
[Result "1-0"]
[WhiteElo "1486"]
[BlackElo "718"]
[PlyCount "133"]
[EventDate "2024.07.26"]
[EventType "swiss (rapid)"]
[EventRounds "9"]
[EventCountry "ENG"]
[SourceTitle "CBM 221 Extra"]
[Source "ChessBase"]
[SourceDate "2024.09.30"]
[SourceVersion "1"]
[SourceVersionDate "2024.09.30"]
[SourceQuality "1"]

1. e4 e5 2. Nf3 Nc6 3. d4 exd4 4. Nxd4 Nxd4 5. Qxd4 Qf6 6. Qxf6 Nxf6 7. Nc3 Bb4 8. Bd3 a6 9. Bf4 d6 10. 0-0 0-0 11. Rfe1 Bxc3 12. bxc3 Nd7 13. e5 dxe5 14. Bxe5 Nxe5 15. Rxe5 Be6 16. a3 Rfe8 17. Rae1 Re7 18. f4 g6 19. f5 gxf5 20. Bxf5 Rae8 21. Bxe6 Rxe6 22. Rxe6 Rxe6 23. Rxe6 fxe6 24. Kf2 Kf7 25. Ke3 Kf6 26. Kf4 e5+ 27. Ke4 Ke6 28. h3 h5 29. g3 Kd6 30. g4 hxg4 31. hxg4 b5 32. g5 Ke6 33. g6 Kf6 34. g7 Kxg7 35. Kxe5 Kf7 36. Kd5 Ke7 37. Kc6 Kd8 38. Kb7 a5 39. Ka6 c6 40. Kxa5 Kc7 41. a4 bxa4 42. Kxa4 Kb6 43. Kb4 c5+ 44. Kc4 Kc6 45. Kd3 Kb6 46. c4 Kc6 47. Kc3 Kb6 48. Kb3 Kc6 49. Ka4 Kd6 50. Kb5 Kc7 51. Kxc5 Kd7 52. Kb6 Kc8 53. Kc6 Kb8 54. Kd7 Kb7 55. c5 Ka6 56. c6 Kb5 57. c7 Kb4 58. c8Q Kb5 59. c4+ Kb4 60. Kd6 Kb3 61. c5 Kc3 62. c6 Kb4 63. c7 Ka5 64. Qa8+ Kb6 65. c8R Kb5 66. Qb7+ Ka4 67. Ra8# 1-0

[Event "BCF-ch U08 blitz"]
[Site "Hull"]
[Date "2024.07.25"]
[Round "9"]
[White "Gritsenko, Mark"]
[Black "Sheikh, Amaan"]
[Result "0-1"]
[WhiteElo "837"]
[BlackElo "718"]
[PlyCount "46"]
[EventDate "2024.07.25"]
[EventType "swiss (blitz)"]
[EventRounds "9"]
[EventCountry "ENG"]
[SourceTitle "CBM 221 Extra"]
[Source "ChessBase"]
[SourceDate "2024.09.30"]
[SourceVersion "1"]
[SourceVersionDate "2024.09.30"]
[SourceQuality "1"]

1. e4 e5 2. Nc3 Nf6 3. f4 Bc5 4. Nf3 d6 5. fxe5 dxe5 6. Bc4 Nc6 7. a3 0-0 8. b4 Bd6 9. 0-0 Qd7 10. Nh4 a5 11. Bb2 Qg4 12. Be2 Qxh4 13. Bf3 axb4 14. axb4 Rxa1 15. Bxa1 Nxb4 16. Nb5 Bc5+ 17. Kh1 c6 18. Nc7 Na6 19. Nxa6 bxa6 20. Bxe5 Nd7 21. Bc3 Bb7 22. Qe2 Ra8 23. Qc4 a5 0-1

[Event "BCF-ch U08 blitz"]
[Site "Hull"]
[Date "2024.07.25"]
[Round "3"]
[White "Sheikh, Amaan"]
[Black "Maksak, Liubava"]
[Result "0-1"]
[WhiteElo "718"]
[BlackElo "1082"]
[PlyCount "30"]
[EventDate "2024.07.25"]
[EventType "swiss (blitz)"]
[EventRounds "9"]
[EventCountry "ENG"]
[SourceTitle "CBM 221 Extra"]
[Source "ChessBase"]
[SourceDate "2024.09.30"]
[SourceVersion "1"]
[SourceVersionDate "2024.09.30"]
[SourceQuality "1"]

1. e4 Nc6 2. Nf3 d5 3. d3 Bg4 4. Be2 e6 5. h3 Bh5 6. 0-0 Nf6 7. Nc3 d4 8. Nxd4 Bxe2 9. Ndxe2 Bc5 10. Bd2 0-0 11. Re1 Nd7 12. Rb1 f5 13. Ng3 fxe4 14. Ngxe4 Qe7 15. Nxc5 Qxc5 0-1